Compendium of citrus diseases / (Record no. 201024)
[ view plain ]
| 000 -CABECERA | |
|---|---|
| campo de control de longitud fija | 00973nam a2200301Ia 4500 |
| 001 - NÚMERO DE CONTROL | |
| campo de control | Para_2509 |
| 003 - IDENTIFICADOR DEL NÚMERO DE CONTROL | |
| campo de control | CHAP |
| 008 - DATOS DE LONGITUD FIJA--INFORMACIÓN GENERAL | |
| campo de control de longitud fija | 220125s1989 xx 000 0 und d |
| 010 ## - NÚMERO DE CONTROL DE LA BIBLIOTECA DEL CONGRESO | |
| Número de control de LC | 201024 |
| 040 ## - FUENTE DE LA CATALOGACIÓN | |
| Centro/agencia transcriptor | CHAP |
| 082 ## - NÚMERO DE LA CLASIFICACIÓN DECIMAL DEWEY | |
| Número de clasificación | PA 634.3 W5 |
| 100 ## - ENTRADA PRINCIPAL--NOMBRE DE PERSONA | |
| Nombre de persona | Whiteside, J.O. |
| 9 (RLIN) | 121742 |
| 245 ## - MENCIÓN DE TÍTULO | |
| Título | Compendium of citrus diseases / |
| Mención de responsabilidad, etc. | by J.O. Whiteside, S.M. Garnsey and L.W. Timmer |
| 260 ## - PUBLICACIÓN, DISTRIBUCIÓN, ETC. | |
| Lugar de publicación, distribución, etc. | St. Paul, Minnesota : |
| Nombre del editor, distribuidor, etc. | American Phytopathological Society |
| 300 ## - DESCRIPCIÓN FÍSICA | |
| Extensión | 80 p. |
| 440 ## - MENCIÓN DE SERIE/PUNTO DE ACCESO ADICIONAL--TÍTULO | |
| Título | The diseases. compendium series |
| 9 (RLIN) | 165879 |
| 650 ## - PUNTO DE ACCESO ADICIONAL DE MATERIA--TÉRMINO DE MATERIA | |
| Término de materia o nombre geográfico como elemento de entrada | Cítricos |
| Subdivisión general | Enfermedades Cítricos |
| -- | Enfermedades por nemátodos Cítricos |
| -- | Enfermedades por virus |
| 9 (RLIN) | 165880 |
| 700 ## - PUNTO DE ACCESO ADICIONAL--NOMBRE DE PERSONA | |
| Nombre de persona | Garnsey, S.M. |
| 700 ## - PUNTO DE ACCESO ADICIONAL--NOMBRE DE PERSONA | |
| Nombre de persona | Timmer, L.W. |
| 9 (RLIN) | 113330 |
| 710 ## - PUNTO DE ACCESO ADICIONAL--NOMBRE DE ENTIDAD CORPORATIVA | |
| Nombre de entidad corporativa o nombre de jurisdicción como elemento de entrada | American Phytopathological Society |
| 9 (RLIN) | 5265 |
| 901 ## - ELEMENTOS DE DATOS A LOCAL LDA (RLIN) | |
| a | PA 634.3 W5 |
| 902 ## - ELEMENTOS DE DATOS B LOCAL, LDB (RLIN) | |
| a | A |
| 905 ## - ELEMENTOS DE DATOS E LOCAL, LDE (RLIN) | |
| a | 0000001989 STPa 0000000000 00 |
| 910 ## - DATOS DE OPCIÓN DEL USUARIO (OCLC) | |
| Datos de opción del usuario | 1989 |
| 942 ## - ELEMENTOS DE PUNTO DE ACCESO ADICIONAL (KOHA) | |
| Tipo de ítem Koha | Parasitologia_ |
| 942 ## - ELEMENTOS DE PUNTO DE ACCESO ADICIONAL (KOHA) | |
| Tipo de ítem Koha | Parasitologia_ |
| -- | 1 |
| Estado de retiro | Estado de pérdida | Fuente del sistema de clasificación o colocación | Estado dañado | No para préstamo | Código de colección | Localización permanente | Ubicación/localización actual | Fecha de adquisición | Número de inventario | Total de préstamos | Signatura topográfica completa | Código de barras | Fecha visto por última vez | Número de copia | Precio válido a partir de | Tipo de ítem Koha | Nota pública |
|---|---|---|---|---|---|---|---|---|---|---|---|---|---|---|---|---|---|
| Dewey Decimal Classification | General | Parasitologia Agricola | Parasitologia Agricola | 27/10/2005 | (PA_5783) (No. UACh C/E) | PA 634.3 W5 | 4102003422 | 25/01/2022 | Ej.3 | 25/01/2022 | Libro | 3 | |||||
| Dewey Decimal Classification | General | Parasitologia Agricola | Parasitologia Agricola | 27/10/2005 | (PA_129) (No. UACh C/E) | PA 634.3 W5 | 4102003420 | 25/01/2022 | Ej.1 | 25/01/2022 | Libro | 3 | |||||
| Dewey Decimal Classification | General | Parasitologia Agricola | Parasitologia Agricola | 27/10/2005 | (PA_5782) (No. UACh C/E) | PA 634.3 W5 | 4102003421 | 25/01/2022 | Ej.2 | 25/01/2022 | Libro | 3 |
